| 000 | 01344cam a2200337 a 4500 | ||
|---|---|---|---|
| 001 | 690893 | ||
| 003 | OSt | ||
| 005 | 20160422183634.0 | ||
| 008 | 960612s1997 nyua b 101 0 eng | ||
| 010 | _a 96027848 | ||
| 020 | _a0333665821 | ||
| 040 | _cDDC. | ||
| 050 | 0 | 0 |
_aHC60 _b.N5 1997 |
| 082 | 0 | 0 |
_a338.91 _220 _bNGO 1997 |
| 100 |
_aEdited by Hulme ,David;Edwards,Micheal; _98209 |
||
| 245 | 0 | 0 |
_aNGOs, states and donors : _bToo close for comfort? . |
| 260 |
_aNew York : _bST.Martin's Press,INC _c1997. |
||
| 300 |
_axvii, 309 p. : _bill. ; _c23 cm. |
||
| 440 | 0 |
_aInternational political economy series _9970 |
|
| 504 | _aIncludes bibliographical references (p. 285-295) and index. | ||
| 650 | 0 |
_aNon-governmental organizations _xCongresses. _97398 |
|
| 650 | 0 |
_aEconomic assistance _xCongresses. _97399 |
|
| 651 | 0 |
_aDeveloping countries _xEconomic policy _xCongresses. _97400 |
|
| 700 | 1 |
_aHulme, David. _97401 |
|
| 700 | 1 |
_aEdwards, Michael, _d1957- _97402 |
|
| 856 | 4 | 2 |
_3Publisher description _uhttp://www.loc.gov/catdir/description/hol055/96027848.html |
| 856 | 4 | 1 |
_3Table of contents _uhttp://www.loc.gov/catdir/toc/hol052/96027848.html |
| 906 |
_a7 _bcbc _corignew _d1 _eocip _f19 _gy-gencatlg |
||
| 942 |
_2ddc _cSLOAN |
||
| 999 |
_c3302 _d3302 |
||